Jóvenes : una generación que podríamos perder /

Na minha lista:
Detalhes bibliográficos
Autor principal: Cordera Campos, Rafael (autor)
Outros Autores: García Medrano, Renward (autor) (autor)
Formato: Livro
Idioma:espanhol
Publicado em: México : Unión de Universidades de América Latina y el Caribe, 2012, c2012
Colecção:(Idea Latinoamericana ; 9)
Assuntos:
Tags: Adicionar Tag
Sem tags, seja o primeiro a adicionar uma tag!

MARC

LEADER 00000nam^a2200000^a^4500
001 000322058
005 20250521000000.0
009 20260310113600.557
020 |a 978-607-8066-02-5 
037 |a Acervo ITESO - Biblioteca 
041 |a ESP 
082 |a 305. 2350972  |b COR 
100 |a Cordera Campos, Rafael  |e (autor) 
245 1 0 |a Jóvenes :  |b una generación que podríamos perder /  |c R. Cordera Campos, R. García Medrano. 
264 4 |a México :  |b Unión de Universidades de América Latina y el Caribe,  |c 2012, c2012 
300 |a 116 p. 
336 |a texto  |b txt  |2 rdacontenido 
337 |a sin mediación  |b n  |2 rdamedio 
338 |a volumen  |b nc  |2 rdasoporte 
440 1 |a (Idea Latinoamericana ;  |v 9) 
649 |a XX 
650 |a Jóvenes -  |z México -  |x Condiciones Sociales y Culturales 
650 |a Jóvenes -  |z México -  |x Condiciones Económicas 
650 |a Pobreza -  |z México 
650 |a Acceso a la Educación 
650 |a Inserción y Reinserción Laboral -  |z México 
650 |a Empleo y Desempleo -  |z México 
650 |a Violencia -  |z México 
650 |a Problemas Sociales -  |z México 
650 |a Política Educativa -  |z México 
650 |a Política Social -  |z México 
650 |a Políticas Públicas -  |z México 
650 |a Demografía -  |z México 
700 |a García Medrano, Renward  |e (autor) 
910 |a Fondo General 
920 |a Impresos - Libros 
930 |a Colección General 
905 |a 101 
901 |a 0500209214  |b IT1  |c ACC  |i D57643  |u 20250521 
902 |a https://opac.biblio.iteso.mx/vufind/Record/000322058